000 00427 a2200157 4500
001 154314
040 _cEscola São Tomás de Aquino
100 _aBERKELEY, Hume
240 1 0 _aTratados sobre os princípios do entendimento humano.
_lpor
245 1 0 _aTratados sobre os princípios do entendimento humano.
300 _a271
362 0 _a1992
440 1 _aNova cultural
697 _aFILOSOFIA E PSICOLOGIA
942 _cBK
999 _c154314
_d154314